| 000 | 00000nam##2200000za#4500 |
| 001 | 9.648020 |
| 003 | CaOODSP |
| 005 | 20210615112914 |
| 007 | ta |
| 008 | 150407|2001||||xxc||||| f|0| 0 eng|d |
| 020 | |a0-662-29925-6 |
| 040 | |aCaOODSP|beng |
| 043 | |an-cn--- |
| 086 | 1 |aEn40-619/2001E |
| 110 | 1 |aCanada. |bEnvironment Canada. |bEnvironmental Protection Branch. |
| 245 | 10|aImplementation guidelines for Canadian Environmental Protection Act, 1999: Section 199, Authorities for requiring environmental emergency plans / |cIssued by Environmental Emergency Program. |
| 260 | |aOttawa - Ontario : |bEnvironment Canada. |c2001. |
| 300 | |a35p. in various pagings. : |breferences ; |c28 cm. |
| 563 | |aSoftcover |
| 590 | |a01-09|b2001-03-02 |
| 690 | 07|aEnvironmental law|2gcpds |
| 690 | 07|aPollution control|2gcpds |
| 690 | 07|aEnvironmental protection|2gcpds |
| 690 | 07|aEmergency preparedness|2gcpds |
| 775 | 08|tLignes directrices pour la mise en application de la Loi canadienne sur la protection de l'environnement, 1999: article 199, Avis obligeant des plans d'urgence environnementale / |w(CaOODSP)9.681405 |
| 776 | 0#|tImplementation guidelines for Canadian environmental protection act, 1999 : |w(CaOODSP)9.696175 |